logo

Bir Sreshtho Munshi Abdur Rouf Library
Jhenaidah Cadet College

The Oxford Geographical Note-Books for Secondary Schools / (Record no. 4682)

MARC details
000 -LEADER
fixed length control field 00741nam a2200217 a 4500
001 - CONTROL NUMBER
JCCL Control Number 4682
003 - CONTROL NUMBER IDENTIFIER
JCCL marc code BD-JhCC
005 - DATE AND TIME OF LATEST TRANSACTION
control field 20171129191254.0
008 - FIXED-LENGTH DATA ELEMENTS--GENERAL INFORMATION
fixed length control field 171129s uk |||| |||| 000 0 eng d
035 ## - SYSTEM CONTROL NUMBER
system control number (BD-JhCC)4682
040 ## - CATALOGING SOURCE
Original cataloging agency BD-JhCC
Modifying agency BD-JhCC
041 ## - LANGUAGE CODE
Language code of Book eng
082 ## - DEWEY DECIMAL CLASSIFICATION NUMBER
Classification number 918
Author mark and Year STE 1962
100 ## - MAIN ENTRY--PERSONAL NAME
Personal name Stembridge, Jasper H.
245 ## - TITLE STATEMENT
Title The Oxford Geographical Note-Books for Secondary Schools /
Statement of responsibility, etc Jasper H. Stembridge
260 ## - PUBLICATION, DISTRIBUTION, ETC. (IMPRINT)
Place of publication, distribution, etc London:
Name of publisher, distributor, etc Oxford University Press
300 ## - PHYSICAL DESCRIPTION
Pagination 28 p.;
Dimensions 28 cm
505 ## - FORMATTED CONTENTS NOTE
Formatted contents note No. III, South America; <br/>No. V, Australia, New Zealand and the Pacific;<br/>No. VI, Asia;<br/>No. VII, Europe;<br/>No. VIII, World;<br/>No. IX, British Commonwealth Overseas.
650 ## - SUBJECT ADDED ENTRY--TOPICAL TERM
Topical term or geographic name as entry element Geography
General subdivision Note Books
942 ## - ADDED ENTRY ELEMENTS (KOHA)
Source of classification or shelving scheme Dewey Decimal Classification
Koha item type Books
Holdings
Source of classification or shelving scheme volume number Damaged status Not for loan Home library Current library Shelving location Date of accession Total Checkouts Full call number Barcode Date last seen Copy number Koha item type
Dewey Decimal Classification V-3     JCC Rouf Library JCC Rouf Library General Stacks 11/29/2017   918 STE 1962 6648 11/29/2017 C-1 Books
Dewey Decimal Classification V-5     JCC Rouf Library JCC Rouf Library General Stacks 11/29/2017   918 STE 1962 6647 11/29/2017 C-1 Books
Dewey Decimal Classification V-5     JCC Rouf Library JCC Rouf Library General Stacks 11/29/2017   918 STE 1962 6643 11/29/2017 C-2 Books
Dewey Decimal Classification V-6     JCC Rouf Library JCC Rouf Library General Stacks 11/29/2017   918 STE 1962 6646 11/29/2017 C-1 Books
Dewey Decimal Classification V-7     JCC Rouf Library JCC Rouf Library General Stacks 11/29/2017   918 STE 1962 6644 11/29/2017 C-1 Books
Dewey Decimal Classification V-8     JCC Rouf Library JCC Rouf Library General Stacks 11/29/2017   918 STE 1962 6642 11/29/2017 C-1 Books
Dewey Decimal Classification V-9     JCC Rouf Library JCC Rouf Library General Stacks 11/29/2017   918 STE 1962 6645 11/29/2017 C-1 Books

JCC Library | Contacts | JCC Home

Last Update on 23 September 2017
Copyright @ 2017-2020 JCC Rouf Library
Rouf Library, Jhenidah Cadet College (JCC), Bangladesh